<?xml version="1.0" encoding="UTF-8"?>
<record
    xmlns:xsi="http://www.w3.org/2001/XMLSchema-instance"
    xsi:schemaLocation="http://www.loc.gov/MARC21/slim http://www.loc.gov/standards/marcxml/schema/MARC21slim.xsd"
    xmlns="http://www.loc.gov/MARC21/slim">

  <leader>04881cam a22005533i 4500</leader>
  <datafield tag="999" ind1=" " ind2=" ">
    <subfield code="c">5026</subfield>
    <subfield code="d">5026</subfield>
  </datafield>
  <controlfield tag="001">972009</controlfield>
  <controlfield tag="003">OSt</controlfield>
  <controlfield tag="005">20181219160323.0</controlfield>
  <controlfield tag="007">cr |n||||||||a</controlfield>
  <controlfield tag="008">140915s2000    cou    eobd   001 0 eng d</controlfield>
  <datafield tag="035" ind1=" " ind2=" ">
    <subfield code="a">(OCoLC)891670720</subfield>
  </datafield>
  <datafield tag="035" ind1=" " ind2=" ">
    <subfield code="a">(VaAlASP)ASP2290371/tcr1</subfield>
  </datafield>
  <datafield tag="035" ind1=" " ind2=" ">
    <subfield code="a">972009</subfield>
  </datafield>
  <datafield tag="040" ind1=" " ind2=" ">
    <subfield code="a">VaAlASP</subfield>
    <subfield code="b">eng</subfield>
    <subfield code="e">rda</subfield>
    <subfield code="c">VaAlASP</subfield>
  </datafield>
  <datafield tag="082" ind1=" " ind2=" ">
    <subfield code="a">220.66</subfield>
    <subfield code="b">S296C</subfield>
  </datafield>
  <datafield tag="100" ind1=" " ind2=" ">
    <subfield code="a">Schaeffer, Edith</subfield>
  </datafield>
  <datafield tag="245" ind1="0" ind2="0">
    <subfield code="a">Christianity in Jewish /</subfield>
    <subfield code="c">By Edith Schaeffer.</subfield>
  </datafield>
  <datafield tag="264" ind1=" " ind2="1">
    <subfield code="a">Boulder, CO :</subfield>
    <subfield code="b">Perseus Books Group,</subfield>
    <subfield code="c">c1975.</subfield>
  </datafield>
  <datafield tag="300" ind1=" " ind2=" ">
    <subfield code="a">1 online resource (xx, 438 pages).</subfield>
  </datafield>
  <datafield tag="336" ind1=" " ind2=" ">
    <subfield code="a">text</subfield>
    <subfield code="b">txt</subfield>
    <subfield code="2">rdacontent</subfield>
  </datafield>
  <datafield tag="337" ind1=" " ind2=" ">
    <subfield code="a">computer</subfield>
    <subfield code="b">c</subfield>
    <subfield code="2">rdamedia</subfield>
  </datafield>
  <datafield tag="338" ind1=" " ind2=" ">
    <subfield code="a">online resource</subfield>
    <subfield code="b">cr</subfield>
    <subfield code="2">rdacarrier</subfield>
  </datafield>
  <datafield tag="490" ind1="1" ind2=" ">
    <subfield code="a">Twentieth century religious thought</subfield>
  </datafield>
  <datafield tag="500" ind1=" " ind2=" ">
    <subfield code="a">Title from resource description page (viewed September 15, 2014).</subfield>
  </datafield>
  <datafield tag="504" ind1=" " ind2=" ">
    <subfield code="a">Includes bibliographical references (page 409), glossary, and index.</subfield>
  </datafield>
  <datafield tag="505" ind1="0" ind2=" ">
    <subfield code="a">What to seek and what to avoid in Jewish-Christian dialogue / David Novak -- Christian-Jewish interactions over the ages / Robert Chazen -- Judaism, Christianity, and partnership after the twentieth century / Irving Greenberg -- Christian theology after the Shoah / Christopher M. Leighton -- The God of Jews and Christians / Peter Ochs -- A Jewish view of the Christian God : some cautionary and hopeful remarks / David Ellenson -- God as Trinitarian : a Christian response to Peter Ochs / David Tracy -- Searching the Scriptures : Jews, Christians, and the book / Michael A. Signer -- The writings and reception of Philo of Alexandria / Hindy Najman -- Postmodern hermeneutics and Jewish-Christian dialogue : a case study / George Lindbeck -- Mitsvah / David Novak -- Another Jewish view of ethics, Christian and Jewish / Elliot N. Dorff -- Christian ethics in Jewish terms : a response to David Novak / Stanley Hauerwas -- Judaism and Christianity : covenants of redemption / Irving Greenberg -- Israel, Judaism, and Christianity / David Fox Sandmel -- Israel and the church : a Christian response to Irving Greenberg's covenantal pluralism / R. Kendall Soulen -- Jewish and Christian liturgy / Lawrence A. Hoffman -- Liturgy and sensory experience / Ruth Langer -- Christian worship : an affair of things as well as words / Robert Louis Wilken -- On the suffering of God's chosen : Christian views in Jewish terms / Leora Batnitzky -- Suspicions of suffering / Robert Gibbs -- The meaning and value of suffering : a Christian response to Leora Batnitzky / John C. Cavadini -- Judaism and incarnation : the imaginal body of God / Elliot R. Wolfson -- The Christian doctrine of the incarnation / Randi Rashkover -- Embodiment and incarnation : a response to Elliot Wolfson / Susan A. Ross -- How ought a Jew view Christian beliefs about redemption? / Menachem Kellner -- Redemption : what I have learned from Christians / Nancy Fuchs-Kreimer -- A Christian view of redemption / Clark Williamson -- "Turn us to you and we shall return" : original sin, atonement, and redemption in Jewish terms / Steven Kepnes -- Exile and return in a world of injustice : a response to Steven Kepnes / Laurie Zoloth -- The lamb of God and the sin of the world / Miroslav Volf -- The image : religious anthropology in Judaism and Christianity / Tikva Frymer-Kensky -- Tselem : toward an anthropopathic theology of image / David R. Blumenthal -- The image of God in Christian faith : vocation, dignity, and redemption / William Schweiker -- What of the future? : A Christian response / George Lindbeck -- What of the future? : A Jewish response / Tikva Frymer-Kensky ... [et al.].</subfield>
  </datafield>
  <datafield tag="506" ind1=" " ind2=" ">
    <subfield code="a">Off-campus access restricted to current PTS students, faculty, and staff.</subfield>
  </datafield>
  <datafield tag="533" ind1=" " ind2=" ">
    <subfield code="a">Electronic reproduction.</subfield>
    <subfield code="b">Alexandria, VA :</subfield>
    <subfield code="c">Alexander Street Press,</subfield>
    <subfield code="d">2014.</subfield>
    <subfield code="f">(Twentieth century religious thought).</subfield>
    <subfield code="n">Available via World Wide Web.</subfield>
  </datafield>
  <datafield tag="546" ind1=" " ind2=" ">
    <subfield code="a">This edition in English.</subfield>
  </datafield>
  <datafield tag="588" ind1=" " ind2=" ">
    <subfield code="a">This record acquired through Alexander Street Press Twentieth Century Thought Christianity Collection.</subfield>
  </datafield>
  <datafield tag="650" ind1=" " ind2="0">
    <subfield code="a">Judaism</subfield>
    <subfield code="x">Relations</subfield>
    <subfield code="x">Christianity.</subfield>
  </datafield>
  <datafield tag="650" ind1=" " ind2="0">
    <subfield code="a">Christianity and other religions</subfield>
    <subfield code="x">Judaism.</subfield>
  </datafield>
  <datafield tag="650" ind1=" " ind2="0">
    <subfield code="a">Judaism (Christian theology)</subfield>
  </datafield>
  <datafield tag="655" ind1=" " ind2="7">
    <subfield code="a">Dictionaries.</subfield>
    <subfield code="2">lcgft</subfield>
  </datafield>
  <datafield tag="700" ind1="1" ind2=" ">
    <subfield code="a">Frymer-Kensky, Tikva Simone,</subfield>
    <subfield code="e">editor.</subfield>
  </datafield>
  <datafield tag="700" ind1="1" ind2=" ">
    <subfield code="a">Novak, David,</subfield>
    <subfield code="d">1941-</subfield>
    <subfield code="e">editor.</subfield>
  </datafield>
  <datafield tag="700" ind1="1" ind2=" ">
    <subfield code="a">Ochs, Peter,</subfield>
    <subfield code="d">1950-</subfield>
    <subfield code="e">editor.</subfield>
  </datafield>
  <datafield tag="700" ind1="1" ind2=" ">
    <subfield code="a">Sandmel, David D.</subfield>
    <subfield code="q">(David Fox),</subfield>
    <subfield code="e">editor.</subfield>
  </datafield>
  <datafield tag="700" ind1="1" ind2=" ">
    <subfield code="a">Signer, Michael Alan,</subfield>
    <subfield code="e">editor.</subfield>
  </datafield>
  <datafield tag="776" ind1="0" ind2=" ">
    <subfield code="c">Original publisher ISBN</subfield>
    <subfield code="z">9780813365725</subfield>
  </datafield>
  <datafield tag="830" ind1=" " ind2="0">
    <subfield code="a">Twentieth century religious thought.</subfield>
  </datafield>
  <datafield tag="856" ind1="4" ind2="0">
    <subfield code="y">Full text available online</subfield>
    <subfield code="u">http://yeshebi.ptsem.edu:2048/login?url=http://www.aspresolver.com/aspresolver.asp?TCR1;2290371</subfield>
  </datafield>
  <datafield tag="910" ind1=" " ind2=" ">
    <subfield code="a">JMW 2014-09-22</subfield>
  </datafield>
  <datafield tag="942" ind1=" " ind2=" ">
    <subfield code="2">ddc</subfield>
    <subfield code="c">BK</subfield>
  </datafield>
  <datafield tag="945" ind1=" " ind2=" ">
    <subfield code="a">The Whole World</subfield>
  </datafield>
  <datafield tag="945" ind1=" " ind2=" ">
    <subfield code="a">MARCIVE20181205</subfield>
  </datafield>
  <datafield tag="952" ind1=" " ind2=" ">
    <subfield code="0">0</subfield>
    <subfield code="1">0</subfield>
    <subfield code="2">ddc</subfield>
    <subfield code="4">0</subfield>
    <subfield code="7">0</subfield>
    <subfield code="8">NFIC</subfield>
    <subfield code="a">HMC</subfield>
    <subfield code="b">HMC</subfield>
    <subfield code="c">GEN</subfield>
    <subfield code="d">2018-12-19</subfield>
    <subfield code="g">460.00</subfield>
    <subfield code="l">0</subfield>
    <subfield code="o">220.66 S296C</subfield>
    <subfield code="p">005753</subfield>
    <subfield code="r">2018-12-19 00:00:00</subfield>
    <subfield code="w">2018-12-19</subfield>
    <subfield code="y">BK</subfield>
  </datafield>
</record>
